Normal view
MARC view
Entry Personal Name
001 - CONTROL NUMBER
- control field: 14217
003 - CONTROL NUMBER IDENTIFIER
- control field: BD-RjUL
005 - DATE AND TIME OF LATEST TRANSACTION
- control field: 20241112105031.0
008 - FIXED-LENGTH DATA ELEMENTS
- fixed length control field: 241112|| aca||aabn | a|a d
040 ## - CATALOGING SOURCE
- Original cataloging agency: BD-RjUL
- Transcribing agency: BD-RjUL
100 ## - HEADING--PERSONAL NAME
- Personal name: Ferdousi, Most. Razina
670 ## - SOURCE DATA FOUND
- Source citation: Work cat.: (BD-RjUL)84284: Ferdousi, Most. Razina, Utilization of Trichoderma as a Decomposition Agent on Press mud for Wheat Production /, 2022